Küreselden yerele geleceğin inşası (Record no. 8443)

MARC details
000 -BAŞLIK
Sabit Uzunlukta Kontrol Alanı 00707na a2200241 4500
001 - KONTROL NUMARASI
Denetim Alanı 23189
003 - KONTROL NUMARASI IDENTIFIER
Denetim Alanı MIRAKIL
005 - SON İŞLEM TARİHİ VE ZAMANI
Denetim Alanı 20181213155213.0
008 - SABİT-BOY VERİ ELEMANLARI - GENEL BİLGİLER
Sabit Uzunlukta Kontrol Alanı 170803b tu 000 0
020 ## - ULUSLARARASI STANDART KİTAP NUMARASI
Uluslararası Standart Kitap Numarası 9789752551107
040 ## - KATALOGLAMA KAYNAK
Orijinal Kataloglama Ajansı Milas
Kataloglama Dili tur
Metne Dönüştürmek Ajansı TR-AnCHP
041 ## - DİL KODU
Metin / Ses Parça Veya Ayrı Başlığın Dil Kodu tur
100 ## - ANA GİRİŞ - KİŞİSEL İSİM
Kişisel Ad Koçal, Yakup Bilgin
245 ## - BAŞLIK TABLOSU
Başlık Küreselden yerele geleceğin inşası
Sorumluluk Tablosu, Vb Yakup Bilgin Koçal
260 ## - YAYIN, DAĞITIM, VB
Yayın, Dağıtım, Vb Yeri İstanbul
Yayıncı, Dağıtıcı, Vs Adı İQ Kültür Sanat yayıncılık
Yayın, Dağıtım, Vb Tarihi 2007
300 ## - FİZİKSEL TANIM
Kapsam 192 s.
440 ## - SERİSİ TABLOSU / KATMA GİRİŞİ - BAŞLIK
Başlık İQ Kültür Sanat yayıncılık
Hacim / Ardışık Tanımı 214
490 ## - SERİSİ TABLOSU
Seri Beyanı Araştırma - İnceleme dizisi
Hacim / Ardışık Tanımı 172
500 ## - GENEL NOT
Genel Not Yapıt yazarından imzalıdır.
500 ## - GENEL NOT
Genel Not GEÇİCİ KATALOG KAYDIDIR.
942 ## - EKLENDİ GİRİŞ ELEMANLARI (KOHA)
Sınıflandırma Veya Raf Düzeni Kaynak Dewey Decimal Classification
Koha Öğesi Türü Books
999 ## - SİSTEM KONTROL NUMARALARI (KOHA)
Koha Biblionumber 8443
Koha Biblioitemnumber 8443
Holdings
Kalıcı Konum Mevcut Konum Edinme Tarihi Edinim Kaynak Toplam Check-Out'Lar Barkod Tarih Son Görülme İtibaren Geçerli Fiyatlar Koha Öğesi Türü
CHP Kütüphanesi CHP Kütüphanesi 08/03/2017 Bağış   017168 08/03/2017 08/03/2017 Books